000
00301nam a2200109Ia 4500
008
201216s9999 xx 000 0 und d
100
_a
Merton, Robert K. and Nisbet, Robert (ed.)
245
0
_a
Contemporary Social Problems
260
_a
New York
_b
Harcourt Brace Jovanovich
300
_a
782
942
_c
BK
999
_c
6114
_d
6114